| 000 | 01638nam a2200337 c 4500 | ||
|---|---|---|---|
| 003 | BLK | ||
| 005 | 20180422102429.0 | ||
| 008 | 180408b bul|||||r ||||||| ||bul|| | ||
| 010 | _aKNG00065431000 | ||
| 040 | _aBLK | ||
| 041 |
_aBUL _cBUL |
||
| 080 |
_aЦивилизация. Култура. Прогрес. История на културата вж 930.85 _b008 _x.001(082.2) _z008.001(082.2) |
||
| 700 | 1 |
_aСтефанов, Иван Софрониев _eсъстав. на том _9368081 |
|
| 700 | 1 |
_aГинев, Димитър _eсъстав. на том _9290367 |
|
| 700 | 1 |
_aГинев, Димитър _eвстъп. статия от на том _9370027 |
|
| 700 | 1 |
_aЖулева, Светлана _eпрев. на том _9290368 |
|
| 139 |
_aИдеи в културологията _bИ 31 |
||
| 245 | 1 | 0 |
_aИдеи в културологията _bАнтология : В 3 т. _cсъстав. на том Иван Софрониев Стефанов; състав. на том Димитър Гинев; встъп. статия от на том Димитър Гинев; прев. на том Светлана Жулева. _nТ. 1 |
| 257 | _aSB | ||
| 260 |
_аСофия _bУнив. изд. Св. Климент Охридски _c1990 - _fЗа том: В. Търново : печ. Д. Найденов |
||
| 300 | _c21 см | ||
| 380 | _a0 | ||
| 650 | 4 |
_aКултура - теория и история _9254058 |
|
| 653 | _aкултурология | ||
| 760 | 1 |
_d1990 _h663 с. _tТ. 1 |
|
| 852 | _aЦб 164527 | ||
| 856 | 4 |
_qpdf _u |
|
| 856 | 4 |
_qpdf _u |
|
| 942 |
_cKNG _n0 |
||
| 944 |
_aCR _c13.06.2004 _kГеновева_Генчева |
||
| 944 |
_aED _c25.01.2008 _k |
||
| 999 |
_c61235 _d61235 |
||